| 000 | 01099 am a2200301ua 4500 | ||
|---|---|---|---|
| 001 | 011943054 | ||
| 003 | OSt | ||
| 005 | 20150408113957.0 | ||
| 008 | 111213s2009 enk ||b 001 |beng | ||
| 010 | _a2002038160 | ||
| 015 |
_aGBA380700 _2bnb |
||
| 020 | _a9780199555215 | ||
| 040 |
_aDLC _cDLC _dUk |
||
| 082 | 0 | 4 |
_a828.809 S J O _221 |
| 100 | 1 |
_aSloan, John, _d1948- _97669 |
|
| 245 | 1 | 0 |
_aOscar Wilde / _cJohn Sloan. |
| 260 |
_aNew York, N.Y. : _bOxford University Press, _c2009 |
||
| 300 |
_axii, 225 p. ; _c20 cm. |
||
| 490 | 1 | _aOxford world's classics. Authors in context | |
| 504 | _aIncludes bibliographical references (p. [204]-213) and index. | ||
| 600 | 1 | 4 |
_aWilde, Oscar, _d1854-1900. _97667 |
| 600 | 1 | 4 |
_aWilde, Oscar, _d1854-1900 _xPolitical and social views. _98090 |
| 650 | 0 |
_aLiterature and society _zGreat Britain _xHistory _y19th century. _97893 |
|
| 650 | 0 |
_aAuthors, Irish _y19th century _vBiography. _98091 |
|
| 830 | 0 |
_aOxford world's classics (Oxford University Press). _pAuthors in context. _98044 |
|
| 942 |
_2ddc _cDVD |
||
| 999 |
_c19637 _d254137 |
||